000 00666nam a2200241Ia 4500
003 OSt
005 20221007082003.0
006 a|||||r|||| 00| 0
007 ta
008 221006b |||||||| |||| 00| 0 eng d
020 _a9024721717
024 _a18,495
037 _cTextual
040 _aFLL
_cFLL
_beng
041 _2eng
_aeng
082 _aZ1,215, L9
100 _aSymmons Clive Ralph
_9698448
245 0 _aMartime zones of islands in international law
260 _aThe Hague
_bMartinus Nijhoff Publishers The
_c1979
300 _axii,307p
_ccm.
942 _hZ1,215, L9
_cTEXL
_2CC
999 _c1164959
_d1164959